000 00344nam a2200157Ia 4500
003 Ost
005 20260225132542.0
008 260225s9999||||xx |||||||||||||| ||und||
040 _cfsic
041 _afre
082 _a440
100 _amuriel seltman
_eAuteur
245 0 _aPiaget's Logic /
245 0 _cmuriel seltman
942 _cكتاب
999 _c33612
_d33612